Fighting the aids scourge : imperatives of ethics and values

Guardat en:
Dades bibliogràfiques
Autor principal: CHARLES, Ogoh I.
Format: Llibre
Idioma:anglès
Publicat: Charlesville Consult 2012
Etiquetes: Afegir etiqueta
Sense etiquetes, Sigues el primer a etiquetar aquest registre!

MARC

LEADER 00000nam a22000007a 4500
008 201216b ||||| |||| 00| 0 eng d
020 |a 978-978-087-613-5 
100 |a CHARLES, Ogoh I. 
245 |a Fighting the aids scourge  |b : imperatives of ethics and values  |c Ogoh I. Charles  |g xix, 156p.; ill. 
260 |b Charlesville Consult  |c 2012  |h Abuja  |i 690725  |l RA644 .C38  |m AIDS (Disease) – Nigeria  |m HIV infections – Nigeria 
500 |a It includes bibliographical references and index 
942 |a lcc  |c BK  |e Kuteyi, M. A.  |f 15/12/2020 
952 |0 0  |1 0  |2 lcc  |4 0  |6 RA0644 C38  |7 0  |9 588  |a HOL  |b HOL  |c QZ  |d 2020-12-16  |l 0  |o RA644 .C38  |p 2020-22907  |r 2020-12-16 00:00:00  |w 2020-12-16  |y BK 
999 |c 328  |d 328